书目信息 |
| 书名: | JANE AUSTEN'S GUIDE TO DATING | |
| 作者: | Lauren Henderson | |
| 分册号: | ||
| 分册名: | 出版地: | NEW YORK |
|
| 出版社: | HYDERION | |
| 出版时间: | 2005 | |
| 页数: | 287p | |
| 开本: | 23cm | |
| 丛书名: | ||
| 中图分类号: | ||
| 科图分类号: | ||
| 其他分类号: | I712.45 | |
| 主题词: | ||
| 电子资源: | ||
| 000 | 005120010 2200193 450 | |
| 005 | 20121127091936.0 | |
| 008 | 20021229d1997 em y0chiy0121 ea | |
| 020 | @a978-1-401-30117-0@c$12.00 | |
| 041 | @achi | |
| 091 | @aI712.45 | |
| 099 | @dI712.45@eL378 | |
| 100 | @aLauren Henderson | |
| 245 | 10 | @aJANE AUSTEN'S GUIDE TO DATING@cLauren Henderson |
| 260 | @aNEW YORK@bHYDERION@c2005 | |
| 300 | @a287p@c23cm | |
| 521 | @aJANE AUSTEN'S GUIDE TO DATING | |
| 905 | @b11726 | |
| 905 | @b12733 | |
| 905 | @aTSG@dI712.45@eL378 | |
| JANE AUSTEN'S GUIDE TO DATING / Lauren Henderson.-NEW YORK : HYDERION , 2005 |
| 287p ; 23cm |
| JANE AUSTEN'S GUIDE TO DATING |
| ISBN 978-1-401-30117-0$12.00 |
| ● |
| 相关链接 |
|
|
|
正题名:JANE AUSTEN'S GUIDE TO DATING
索取号:I712.45/L378
 
预约/预借
| 序号 | 登录号 | 条形码 | 馆藏地/架位号 | 状态 | 备注 |